000 00310nam a22001337a 4500
003 OSt
005 20170105103447.0
008 131204t xxu||||| |||| 00| 0 eng d
022 _2978-1-4051-3603-7
040 _cASAB
100 _aPeter J. Delves
_9384
245 _aRoitt's Essential Immunology
942 _2ddc
_cBK
999 _c16655
_d16655